| Registos Bibliográficos associados ao registo de autoridade |
|
Etiqueta de registo: 00254nam 2200025 450 001 2288687 003 http://id.bnportugal.gov.pt/bib/catbnp/2288687 100 ## $a20260624d2024 k y0pory01030103ba 101 0# $aeng$dpor 102 ## $aPT 105 ## $aa m 001yy 106 ## $ar 200 1# $a " Some things you can ask me"$eon gender and artificial intelligence$fPedro Carvalho Ferreira da Costa$gorient. Luísa Maria Lopes Ribas, José Miguel Santos Araújo Carvalhais Fonseca, Mario
Verdicchio 210 #9 $aLisboa$c[s.n.],$d2024 215 ## $a2 v.$cil.$d30 cm 328 #1 $aTese dout. Belas-Artes (Design de Comunicação), Faculdade de Belas-Artes da Universidade
de Lisboa, 2024 700 #1 $aCosta,$bPedro Carvalho Ferreira da$32001507 702 #1 $aRibas,$bLuísa,$f1973-$4727$31152114 702 #1 $aCarvalhais,$bMiguel,$f1974-$4727$31474504 702 #1 $aVerdicchio,$bMario$4727$32001508 801 #0 $aPT$bBN$gRPC 966 ## $b001$d[1º v.]$lBN$mFGMON$x1 966 ## $b001$d[2º v.]$lBN$mFGMON$x1 971 ## $cisantos$d20260624
|
|
|